000
00489nam a2200181Ia 4500
008
090123s9999 xx 000 0 und d
082
_b
40803
100
_a
ओक जनार्दन
245
_a
हारजीत
250
_a
0
260
_b
मेघना प्रकाशन
_c
2007
300
_a
264
600
_a
ओक जनार्दन
630
_a
हारजीत
700
_a
ओक जनार्दन
730
_a
हारजीत
942
_c
BOOK
999
_c
78879
_d
78879